| 000 | 00541nam a22001817a 4500 | ||
|---|---|---|---|
| 005 | 20251108173629.0 | ||
| 008 | 250721s2002 xx 000 0 ara d | ||
| 082 | 1 | 4 | _aط/218.51/منج |
| 100 | 1 | _aالمنجد، محمد صالح | |
| 245 | 1 | 0 | _a40 نصيحة لاصلاح البيوت / |
| 264 | 1 |
_aالقاهرة : _bمكتبة الصفا، _c2002. |
|
| 300 | _a80ص. | ||
| 650 | 1 | 7 | _aالوعظ والارشاد |
| 650 | 1 | 7 | _aالأذكار |
| 653 | _aناشئون كبار (15-18سنة) | ||
| 942 |
_2ddc _cBK |
||
| 999 |
_c108543 _d108543 |
||